000 00368nam a2200145Ia 4500
008 230917s9999||||xx |||||||||||||| ||und||
040 _e43142
_aMAIN
041 _aEnglish
082 _a942.083 S35B
100 _aSteiner, Zara S
245 0 _aBritain and the origins of the first world war
260 _aLondon
_bMacmillan
_c1977
300 _a305 p.
942 _cBK
999 _c191026
_d191026